Language Quiz

Random Language or Letter Quiz
Score 0/10 Timer 01:00
1 Play Today
% Correct
Slow
87.7%
Snot
83.2%
Stow
81.8%
Snaw
80.3%
Show
79.1%
Know
78.3%
Snob
75%
Snog
67.4%
Scow
65.6%
Enow
48%
Remove Ads.
Support Sporcle.
Get the best of Sporcle when you Go Orange. This ad-free experience offers more features, more stats, and more fun while also helping to support Sporcle. Thank you for becoming a member.

You're not logged in!

Compare scores with friends on all Sporcle quizzes.
OR
Log In

Show Comments

Extras

Top Quizzes Today


Score Distribution

Your Account Isn't Verified!

In order to create a playlist on Sporcle, you need to verify the email address you used during registration. Go to your Sporcle Settings to finish the process.

Report this User

Report this user for behavior that violates our Community Guidelines.

Details: